| Tag |
First Indicator |
Second Indicator |
Subfields |
| LEADER |
00000cam a2200000Ma 4500 |
| 001 |
in00002013549 |
| 005 |
20151031154459.0 |
| 008 |
901017s1988 ru b 000 0drusod |
| 019 |
|
|
|a 27401551
|
| 035 |
|
|
|a (OCoLC)ocm22691490
|
| 040 |
|
|
|a RBN
|c RBN
|d OCL
|d TXA
|d UtOrBLW
|
| 049 |
|
|
|a TXAM
|
| 090 |
|
|
|a PG3235.P8
|b S84 1988
|
| 245 |
0 |
0 |
|a Svetloe imi︠a︡ Pushkin :
|b proza, stikhi, pésy o poėte /
|c [sostavlenie i kommentarii V. V. Kunina].
|
| 264 |
|
1 |
|a Moskva :
|b "Pravda",
|c 1988.
|
| 300 |
|
|
|a 605 pages ;
|c 21 cm.
|
| 336 |
|
|
|a text
|b txt
|2 rdacontent
|
| 337 |
|
|
|a unmediated
|b n
|2 rdamedia
|
| 338 |
|
|
|a volume
|b nc
|2 rdacarrier
|
| 504 |
|
|
|a Includes bibliographical references.
|
| 600 |
1 |
0 |
|a Pushkin, Aleksandr Sergeevich,
|d 1799-1837
|x In literature.
|
| 600 |
1 |
0 |
|a Pushkin, Aleksandr Sergeevich,
|d 1799-1837
|x Criticism and interpretation.
|
| 600 |
1 |
0 |
|a Pushkin, Aleksandr Sergeevich,
|d 1799-1837
|x Appreciation.
|
| 700 |
1 |
|
|a Kunin, Viktor Vladimirovich.
|
| 948 |
|
|
|a cataloged
|b h
|c 2004/12/18
|d c
|e spoltoratski
|f 11:20:27 am
|
| 994 |
|
|
|a E0
|b TXA
|
| 999 |
|
|
|a MARS
|
| 999 |
f |
f |
|s dc9cf88e-3747-3f28-a855-55d03b94c148
|i 728a4d33-766c-38b0-a589-45789f77f872
|t 0
|
| 952 |
f |
f |
|p ric
|a Texas A&M University
|b Rellis Campus
|c Joint Library Facility
|d Remote Storage
|t 0
|e PG3235.P8 S84 1988
|h Library of Congress classification
|i unmediated -- volume
|m A14831592817
|
| 998 |
f |
f |
|a PG3235.P8 S84 1988
|t 0
|l Remote Storage
|